Multiple Choice City Quiz – Louisville - Statistics

General Stats
  • This quiz has been taken 88 times
  • The average score is 6 of 10
Answer Stats
Question Answer % Correct
What river is closest to Louisville? The Ohio River
96%
What famous boxer was born in Louisville? Muhammad Ali
91%
Which of these is not a nickname for Louisville? Motown
79%
Which interstate doesn't go through Louisville? I-55
66%
Which of these statements is true about Louisville? The first successful human hand transplant happened in Louisville
60%
What song was written in Louisville? "Happy Birthday to You"
57%
The Louisville Bats is the baseball team for the International League in Louisville. When did they start playing? 2002
40%
The area Downtown Louisville occupies was the location of... Fort Nelson
38%
What year was Louisville incorporated? 1828
28%
When is the Kentucky Shakespeare Festival every year? May to August
21%
No matching quizzes found
Score Distribution
Percent of People with Each Score
Percentile by Number Answered
Your Score History
You have not taken this quiz